000 00508nam a2200181Ia 4500
003 GCL
008 140319s9999 xx 000 0 ara d
040 _aGCL /
_cGCL
082 0 4 _a121.8
_bص ن
100 1 _aصلاح قنصوة
245 1 0 _aنظرية القيمة فى الفكر المعاصر /
_cصلاح قنصوة
300 _a256 ص
490 _a
650 0 4 _aالقيمة النظرية
650 0 4 _aالفلسفة - نظريات
650 0 4 _aالقيم الدينية
942 _2ddc
_cBK
999 _c41674
_d41674